Vietnam
Contents: facts about the country; facts for the visitor; getting there and away; getting around; Ho Chi Minh city; around Ho Chi Minh city; Mekong delta; central highlands; south-central coast; Quang Nam and Da Nang; Hue; DMZ and vicinity; ...
Gardado en:
| Autor Principal: | |
|---|---|
| Outros autores: | |
| Formato: | Libro |
| Idioma: | Vietnamese |
| Publicado: |
Australia
Lonely Planet
1997
|
| Edición: | 4th ed. |
| Những chủ đề: | |
| Các nhãn: |
Engadir etiqueta
Sen Etiquetas, Sexa o primeiro en etiquetar este rexistro!
|
| Thư viện lưu trữ: | Thư viện Trường Đại học Nam Cần Thơ |
|---|
| LEADER | 01035nam a22002297a 4500 | ||
|---|---|---|---|
| 001 | NCT_79867 | ||
| 008 | 200514b xxu||||| |||| 00| 0 vie d | ||
| 999 | |c 3908 |d 3908 | ||
| 020 | |a 0864425155 |c $16.95 | ||
| 082 | 0 | 4 | |2 23rd ed. |a 915.9704 |b S884 |
| 100 | 1 | |a Storey, Robert | |
| 245 | 1 | 0 | |a Vietnam |c Robert Storey, Daniel Robinson |
| 250 | |a 4th ed. | ||
| 260 | |a Australia |b Lonely Planet |c 1997 | ||
| 300 | |a 560 p. |b ill. |c 19cm | ||
| 504 | |a Includes index | ||
| 520 | 3 | |a Contents: facts about the country; facts for the visitor; getting there and away; getting around; Ho Chi Minh city; around Ho Chi Minh city; Mekong delta; central highlands; south-central coast; Quang Nam and Da Nang; Hue; DMZ and vicinity; ... | |
| 653 | |a Quản trị DV Du lịch và Lữ hành | ||
| 700 | 1 | |a Robinson, Daniel | |
| 942 | |2 ddc |c BK | ||
| 952 | |0 0 |1 0 |2 ddc |4 0 |6 915_970400000000000_S884 |7 0 |9 19557 |a 000001 |b 000001 |d 2020-05-14 |o 915.9704 S884 |p MD.17166 |r 2020-05-14 |v 0.00 |w 2020-05-14 |y BK | ||
| 980 | |a Thư viện Trường Đại học Nam Cần Thơ | ||


